01610nam a22003137a 4500003000400000005001600004007000400020008004100024010001900065024001800084035001900102040001300121245011600134260003500250300006200285440003500347500007300382500014500455508026000600538013000860538017100990650001901161700001701180700002101197700001901218700002101237700002001258700001801278dpl2008090303483.0DVD050907s2005 cau105 g 00| 0 eng d aDVD-000779-781 a27041c399.00 aDVD-000779-781 aDPLcDPL aHigh School Musical :h[videorecording] DVD /cWalt Disney Pictures PresentsbThe Concert- Extreme Access Pass bWalt Disney Home Entertainment a1 videocassette (56:46 min.)bsd., col. ;c4-3/4 in.fDVD aWalt Disney Home Entertainment aDistributor in India Excel Production Audiovisuals Pvt. Ltd. Mumbai aConcert Extras: Jordan Pruitt, High School Musical: On the Road, Sneak Peek of High School Musical 2, U Direct Muklti-Angle Concert Features aDirector of photography, Oliver Wood ; art directors, Shepherd Frankel, Don Macaulay ; editor, William Hoy ; music, Miri Ben-Ari, John Ottman ; costume designer, Jose Fernandez, Wendy Partridge ; production designer, Bill Boes ; visual effects supervisors aDolby digital 2.0, English, Spanish, Portuguese Subtitles: English,Japanese, Trad Chinese, Malasian, Thai, Bahasan, Spanishj aAspect Ratio 1:78.1,Presentation Type: Letter Box, Presentation Size: 4x3 , Format: DVD 9 Dual Layer Single Sided Disc. Layer Transition may trigger a slight pause.  aMotion Picture aBleu, Corbin aColeman, Monique aCrabeel, Lucas aHudgens, Vanessa aTisdale, Ashley aMorphos, Paul